000 02593nam0a22004811 4500
001 RU\NLR\A1\2089
005 20251203152403.2
035 _a(NLR Aleph) 009672112
090 _a9666401
_c9666401
100 _a19960425d1788 a y0rusy50 ca
101 0 _arus
102 _aRU
135 _acrcn 024anaba
140 _ay y mayaa0000
200 1 _aНаставление, об изящных действиях просвещения разума,
_eчитанное Императорскаго Шляхетнаго сухопутнаго кадетскаго корпуса господам кадетам четвертаго и пятаго возрастов, ноября 13 числа 1787 года.
210 _a[Санкт-Петербург
_cтип. Сухопут. кад. корпуса
_d1788]
215 _a[16] с.
_d
303 _aБез тит. л.
304 _aВ конце текста авт.: Готлоб Христиан Безак
316 _aЭкз. РНБ (18.295.1.321) в составном картон. пер. 2-й половины 20 в., обтянутом бумагой, с ледериновым корешком и уголками. На нижней крышке пер. ярлык с шифром РНБ. На с.[16] круглый штамп ГПБ и штампы "3" и "9". Размер 25х19,5х1 см.
_5NLR: 18.295.1.321
321 1 _aСК XVIII 444
325 _aКопия доступна в Электрон. б-ке РНБ
620 _dСанкт-Петербург
700 1 _4070
_7ca
_8rus
_aБезак
_bХ. Х.
_f1727-1800
_gХристиан Христианович
_9159840
_3RU\NLR\AUTH\770159881
790 1 _6z01700
_aБезак
_bГ.Х.
_gГотлоб Христиан
801 0 _aRU
_bNLR
_c19960425
852 _aNLR
_j18.295.1.321
856 0 _uhttp://vivaldi.nlr.ru/bx000016749/view
856 1 _uhttp://vivaldi.nlr.ru/bx000016749/cover
856 2 _uhttp://vivaldi.nlr.ru/bx000016749/text
899 _aБАН
899 _aМГУ
942 _cBOOK
980 _aNB
980 3 _akpcivil
980 3 _akp
980 _aA1XVIIIv
981 4 4 _a(44) Оцифровано по рекомендациям читателей
981 2 0 _a(20) Книжные памятники РНБ
_b(20) Русский книжный фонд